Riconosci il Pokémon - Quiz n°1018 - Statistics

Statistiche generali
  • Questo quiz è stato fatto 1 volte
  • Il punteggio medio è 10 su 10
Statistiche sulle risposte
Indizio Risposta % Corretto
Altezza 1,4 m
100%
Tasso di cattura 45 (11.9%)
100%
Sesso 50% ♂, 50% ♀
100%
Peso 56,0 kg
100%
Tipo Drago / Terra
100%
Pokémon Gabite
100%
Tasso di allevamento Lento
100%
Stadio evoluzione Prima evoluzione
100%
Generazione Quarta
100%
Abilità Sabbiavelo; Cartavetro
100%
Nessun quiz corrispondente trovato
Distribuzione punteggi
Percentuale di utenti per punteggio
Percentile per numero di risposta
I tuoi punteggi nel tempo
Non hai fatto questo quiz